[Event "Leiden Noteboom Memorial 79th"]
[Site "Leiden"]
[Date "2019.02.23"]
[Round "4"]
[White "Brouwer, Dennis"]
[Black "Van Leent, Dmitri"]
[Result "0-1"]
[WhiteElo "2190"]
[BlackElo "2237"]
[PlyCount "46"]
[EventDate "2019.02.22"]
[EventType "swiss"]
[EventRounds "6"]
[EventCountry "NED"]
[SourceTitle "CBM 189 Extra"]
[Source "ChessBase"]
[SourceDate "2019.06.03"]
[SourceVersion "1"]
[SourceVersionDate "2019.06.03"]
[SourceQuality "1"]

1. e4 e5 2. Nf3 Nc6 3. Bb5 Nf6 4. d3 Bc5 5. Bxc6 dxc6 6. h3 0-0 7. Nbd2 Be6 8. 0-0 Nd7 9. Nb3 Bb6 10. Ng5 Qe7 11. Qh5 h6 12. Nxe6 Qxe6 13. Nd2 f5 14. exf5 Rxf5 15. Qe2 Nf6 16. g4 Nxg4 17. hxg4 Rf4 18. Kh1 Rxg4 19. Nf3 Rg6 20. Nh2 Qh3 21. Rg1 Rxg1+ 22. Kxg1 Qg3+ 23. Kh1 Bxf2 0-1

[Event "Vlissingen HZ op 21st"]
[Site "Vlissingen"]
[Date "2017.08.07"]
[Round "4"]
[White "Van Leent, Dmitri"]
[Black "Harshini, A."]
[Result "1-0"]
[WhiteElo "2244"]
[BlackElo "2031"]
[PlyCount "81"]
[EventDate "2017.08.05"]
[EventType "swiss"]
[EventRounds "9"]
[EventCountry "NED"]
[SourceTitle "CBM 179 Extra"]
[Source "ChessBase"]
[SourceDate "2017.08.23"]
[SourceVersion "1"]
[SourceVersionDate "2017.08.23"]
[SourceQuality "1"]

1. c4 e5 2. g3 Nf6 3. Bg2 d5 4. cxd5 Nxd5 5. Nf3 Nc6 6. 0-0 Be7 7. d4 e4 8. Ne5 Nxe5 9. dxe5 f5 10. exf6 Nxf6 11. Qb3 c6 12. Nc3 Qb6 13. Qc2 Bf5 14. Nxe4 0-0 15. Qc4+ Kh8 16. Ng5 Bg6 17. Qb3 Qxb3 18. axb3 Ng4 19. h3 Ne5 20. Ne4 Bf7 21. Bf4 Ng6 22. Be3 a6 23. Nd2 Rad8 24. Nc4 Bf6 25. Rad1 Rxd1 26. Rxd1 b5 27. Na5 Bxb2 28. b4 Ne5 29. Bc5 Rc8 30. f4 Nc4 31. Nxc6 h6 32. Nd8 Rc7 33. Nxf7+ Rxf7 34. Rd8+ Kh7 35. Ra8 Rf6 36. Bb7 Re6 37. e4 Nd2 38. e5 g5 39. Bd5 Rg6 40. f5 Rg7 41. f6 1-0

[Event "Vlissingen HZ op 21st"]
[Site "Vlissingen"]
[Date "2017.08.05"]
[Round "1"]
[White "Naber, Quirine"]
[Black "Van Leent, Dmitri"]
[Result "0-1"]
[WhiteElo "1793"]
[BlackElo "2244"]
[PlyCount "58"]
[EventDate "2017.08.05"]
[EventType "swiss"]
[EventRounds "9"]
[EventCountry "NED"]
[SourceTitle "CBM 179 Extra"]
[Source "ChessBase"]
[SourceDate "2017.08.23"]
[SourceVersion "1"]
[SourceVersionDate "2017.08.23"]
[SourceQuality "1"]

1. e4 e5 2. Nf3 Nc6 3. Bb5 Nf6 4. d3 Bc5 5. 0-0 d6 6. c3 0-0 7. h3 Bb6 8. Nbd2 Ne7 9. Re1 c6 10. Ba4 Ng6 11. Nf1 Bc7 12. d4 Re8 13. Ng3 h6 14. Bb3 b5 15. a4 Bb7 16. axb5 cxb5 17. d5 Bb6 18. Nh2 Bc8 19. Nf3 Bd7 20. Bd2 Qc8 21. Be3 Bxe3 22. Rxe3 Nf4 23. Nh4 g6 24. Qd2 Kh7 25. Rf3 Qd8 26. Bc2 a5 27. Rxf4 exf4 28. Qxf4 Qe7 29. Re1 Nxd5 0-1

[Event "Reykjavik op"]
[Site "Reykjavik"]
[Date "2017.04.27"]
[Round "10"]
[White "Van Leent, Dmitri"]
[Black "Sundararajan, Kidambi"]
[Result "0-1"]
[WhiteElo "2230"]
[BlackElo "2422"]
[PlyCount "86"]
[EventDate "2017.04.19"]
[EventType "swiss"]
[EventRounds "10"]
[EventCountry "ISL"]
[SourceTitle "CBM 178 Extra"]
[Source "ChessBase"]
[SourceDate "2017.06.22"]
[SourceVersion "1"]
[SourceVersionDate "2017.06.22"]
[SourceQuality "1"]

1. c4 c6 2. g3 d5 3. Bg2 g6 4. Nf3 Bg7 5. d3 dxc4 6. dxc4 Qxd1+ 7. Kxd1 Na6 8. Nc3 Be6 9. Nd2 Nf6 10. Nce4 Nxe4 11. Bxe4 0-0-0 12. Kc2 Nc5 13. Bg2 Rd4 14. e3 Bf5+ 15. Kd1 Rd6 16. e4 Nxe4 17. Bxe4 Bxe4 18. Re1 Bd3 19. Rxe7 Bxc4 20. Ke1 Re6+ 21. Rxe6 Bxe6 22. Ne4 b6 23. a4 Bd5 24. Nc3 Bc4 25. Be3 Rd8 26. Rc1 Kb7 27. Bd2 a5 28. Be3 Bb3 29. Ra1 Rd3 30. Bd2 Bf8 31. Ne2 Rd8 32. Nc1 Re8+ 33. Be3 Bb4+ 34. Kf1 Bc4+ 35. Kg2 Rd8 36. Na2 Be7 37. Nc3 Bf6 38. h4 h5 39. Re1 Rd3 40. Rb1 Bb3 41. Ne2 Bxa4 42. Nc3 Bb3 43. Rc1 a4 0-1

[Event "Reykjavik op"]
[Site "Reykjavik"]
[Date "2017.04.26"]
[Round "9"]
[White "Gopakumar, Siddharth"]
[Black "Van Leent, Dmitri"]
[Result "0-1"]
[WhiteElo "1826"]
[BlackElo "2230"]
[PlyCount "40"]
[EventDate "2017.04.19"]
[EventType "swiss"]
[EventRounds "10"]
[EventCountry "ISL"]
[SourceTitle "CBM 178 Extra"]
[Source "ChessBase"]
[SourceDate "2017.06.22"]
[SourceVersion "1"]
[SourceVersionDate "2017.06.22"]
[SourceQuality "1"]

1. e4 e5 2. Nf3 Nc6 3. d4 exd4 4. Nxd4 Qf6 5. Nb5 Bb4+ 6. c3 Ba5 7. Be3 a6 8. Nd4 Nge7 9. Nd2 Bb6 10. Nc4 Ba7 11. a4 Ng6 12. g3 0-0 13. f4 Nxd4 14. Bxd4 Qc6 15. Qd3 Bxd4 16. Qxd4 Re8 17. Bg2 d5 18. e5 Qxc4 19. Bxd5 Qxd4 20. cxd4 Rd8 0-1

[Event "Reykjavik op"]
[Site "Reykjavik"]
[Date "2017.04.19"]
[Round "1"]
[White "Steingrimsson, Karl Egill"]
[Black "Van Leent, Dmitri"]
[Result "0-1"]
[WhiteElo "1664"]
[BlackElo "2230"]
[PlyCount "104"]
[EventDate "2017.04.19"]
[EventType "swiss"]
[EventRounds "10"]
[EventCountry "ISL"]
[SourceTitle "CBM 178 Extra"]
[Source "ChessBase"]
[SourceDate "2017.06.22"]
[SourceVersion "1"]
[SourceVersionDate "2017.06.22"]
[SourceQuality "1"]

1. Nf3 f5 2. d4 Nf6 3. Nc3 e6 4. Bg5 d5 5. e3 Be7 6. g3 b6 7. Bg2 Ba6 8. Ne2 0-0 9. 0-0 c5 10. Re1 Nc6 11. c3 Ne4 12. Bxe7 Qxe7 13. Nf4 g5 14. Nd3 Bxd3 15. Qxd3 c4 16. Qc2 g4 17. Nh4 Ng5 18. Rad1 Rf6 19. Rf1 Kh8 20. f3 gxf3 21. Nxf3 Nxf3+ 22. Bxf3 Rg8 23. Rf2 Qg7 24. Rg2 Nd8 25. Rf1 Nf7 26. Qe2 Ng5 27. b3 Rc8 28. b4 Qd7 29. Qc2 Ra8 30. a4 a5 31. b5 Qd6 32. Qb2 Rd8 33. Qc1 Re8 34. Kh1 e5 35. Bd1 Qe7 36. Bh5 Ref8 37. Bf3 Nxf3 38. Rxf3 exd4 39. exd4 Re6 40. Rf1 Re3 41. Rgf2 Qe4+ 42. Kg1 Kg7 43. Rf4 Qd3 44. Qa3 Rf6 45. Kg2 Kg6 46. R4f3 Qe4 47. R1f2 f4 48. g4 Rxf3 49. Rxf3 Qe2+ 50. Rf2 Qxg4+ 51. Kh1 Qd1+ 52. Kg2 Kf5 0-1

[Event "Leiden Noteboom Memorial 75th"]
[Site "Leiden"]
[Date "2015.02.15"]
[Round "6"]
[White "Van Leent, Dmitri"]
[Black "Nguyen, Kevin"]
[Result "1-0"]
[WhiteElo "2180"]
[BlackElo "2028"]
[PlyCount "75"]
[EventDate "2015.02.13"]
[EventType "swiss"]
[EventRounds "6"]
[EventCountry "NED"]
[SourceTitle "CBM 164 Extra"]
[Source "ChessBase"]
[SourceDate "2015.03.02"]
[SourceVersion "1"]
[SourceVersionDate "2015.03.02"]
[SourceQuality "1"]

1. c4 Nf6 2. g3 g6 3. Bg2 Bg7 4. Nc3 0-0 5. d3 c6 6. e4 d6 7. Nge2 e5 8. 0-0 Na6 9. h3 Nc7 10. f4 b5 11. Be3 Re8 12. Qd2 Ba6 13. cxb5 Nxb5 14. f5 d5 15. Bg5 dxe4 16. Nxe4 Nxe4 17. Bxe4 Qb6+ 18. Be3 Nd4 19. Nxd4 exd4 20. Bh6 Rxe4 21. dxe4 Bxf1 22. Bxg7 Kxg7 23. Rxf1 f6 24. e5 Rf8 25. e6 d3+ 26. Kg2 Qd4 27. Rf3 Rd8 28. fxg6 hxg6 29. e7 Re8 30. Rxd3 Qe4+ 31. Rf3 Rxe7 32. Qf4 Qe6 33. a3 Rd7 34. Rf2 c5 35. Qf3 c4 36. Re2 Qb6 37. Qe4 Qc7 38. Qe6 1-0

[Event "Vlissingen HZ op 10th"]
[Site "Vlissingen"]
[Date "2006.08.12"]
[Round "9"]
[White "Garbisu de Goni, Unai"]
[Black "Van Leent, Dmitri"]
[Result "1-0"]
[WhiteElo "2444"]
[BlackElo "2262"]
[PlyCount "75"]
[EventDate "2006.08.05"]
[EventType "swiss"]
[EventRounds "9"]
[EventCountry "NED"]
[SourceTitle "CBM 113 Extra"]
[Source "ChessBase"]
[SourceDate "2006.09.14"]
[SourceVersion "1"]
[SourceVersionDate "2006.09.14"]
[SourceQuality "1"]

1. e4 e5 2. Nf3 Nc6 3. d4 exd4 4. Nxd4 Qf6 5. Be3 Bc5 6. c3 Qg6 7. Qf3 Ne5 8. Qe2 Ne7 9. f4 Ng4 10. f5 Qh5 11. Bf4 0-0 12. h3 Nf6 13. Qxh5 Nxh5 14. Bxc7 Re8 15. Be2 Nf6 16. Nd2 Nc6 17. N4b3 Bf8 18. 0-0-0 d5 19. e5 Nxe5 20. Nd4 Bd7 21. N2f3 Nc6 22. Bd3 Rac8 23. Bh2 Bc5 24. Bc2 Ne4 25. Rhf1 Na5 26. Ne5 Bc6 27. Rfe1 Nf2 28. Rd2 Bxd4 29. Rxd4 f6 30. Rd2 fxe5 31. Rxf2 e4 32. b3 b5 33. Kb2 Nb7 34. f6 Rf8 35. Be5 Nd8 36. Bd1 Bd7 37. Ref1 Nc6 38. f7+ 1-0

[Event "Vlissingen HZ op 10th"]
[Site "Vlissingen"]
[Date "2006.08.11"]
[Round "8"]
[White "Van Leent, Dmitri"]
[Black "Spoelman, Wouter"]
[Result "1-0"]
[WhiteElo "2262"]
[BlackElo "2461"]
[PlyCount "47"]
[EventDate "2006.08.05"]
[EventType "swiss"]
[EventRounds "9"]
[EventCountry "NED"]
[SourceTitle "CBM 113 Extra"]
[Source "ChessBase"]
[SourceDate "2006.09.14"]
[SourceVersion "1"]
[SourceVersionDate "2006.09.14"]
[SourceQuality "1"]

1. e4 d5 2. exd5 Qxd5 3. Nf3 Nf6 4. d4 Bg4 5. Be2 Nc6 6. c4 Qd6 7. d5 Bxf3 8. Bxf3 Ne5 9. Qa4+ c6 10. Be2 e6 11. dxc6 Nxc6 12. 0-0 Qe5 13. Bf3 Rc8 14. g3 Bc5 15. Nc3 h5 16. Bf4 Qf5 17. b4 g5 18. bxc5 gxf4 19. Nb5 Ke7 20. Nd6 Qxc5 21. Nxb7 Qb6 22. Rab1 Qc7 23. Qa3+ Ke8 24. Nd6+ 1-0

[Event "Vlissingen HZ op 10th"]
[Site "Vlissingen"]
[Date "2006.08.05"]
[Round "1"]
[White "Mentink, Toon"]
[Black "Van Leent, Dmitri"]
[Result "1/2-1/2"]
[WhiteElo "1782"]
[BlackElo "2262"]
[PlyCount "75"]
[EventDate "2006.08.05"]
[EventType "swiss"]
[EventRounds "9"]
[EventCountry "NED"]
[SourceTitle "CBM 113 Extra"]
[Source "ChessBase"]
[SourceDate "2006.09.14"]
[SourceVersion "1"]
[SourceVersionDate "2006.09.14"]
[SourceQuality "1"]

1. b3 d5 2. Nf3 Nf6 3. Bb2 e6 4. e3 c5 5. Be2 Be7 6. 0-0 0-0 7. d4 Nc6 8. Nbd2 b6 9. Bb5 Bb7 10. Re1 a6 11. Bd3 Rc8 12. Ne5 Nb4 13. a3 Nxd3 14. cxd3 Nd7 15. Ndf3 f6 16. Nxd7 Qxd7 17. dxc5 bxc5 18. Qe2 Qb5 19. Nd2 Rfd8 20. Rab1 a5 21. Qg4 Qd7 22. Nf3 e5 23. Qxd7 Rxd7 24. Red1 Ba6 25. Bc3 Bd8 26. Rb2 Rb7 27. Ne1 Rcb8 28. Rdb1 d4 29. Bd2 a4 30. b4 Be7 31. exd4 exd4 32. Bf4 Re8 33. b5 Bd8 34. Nf3 Bxb5 35. Rxb5 Rxb5 36. Rxb5 g5 37. Bd2 g4 38. Rxc5 1/2-1/2

[Event "NED-chT 0506 playoff"]
[Site "Enschede"]
[Date "2006.05.14"]
[Round "2.10"]
[White "Van Leent, Dmitri"]
[Black "Van der Weide, Karel"]
[Result "0-1"]
[WhiteElo "2302"]
[BlackElo "2466"]
[PlyCount "76"]
[EventDate "2006.05.13"]
[EventType "team-k.o."]
[EventRounds "2"]
[EventCountry "NED"]
[SourceTitle "EXT 2007"]
[Source "ChessBase"]
[SourceDate "2006.11.23"]
[SourceVersion "1"]
[SourceVersionDate "2006.11.23"]
[SourceQuality "1"]
[WhiteTeam "Groningen Hotels"]
[BlackTeam "Rotterdam SO"]
[WhiteTeamCountry "NED"]
[BlackTeamCountry "NED"]

1. c4 Nf6 2. g3 g6 3. Bg2 Bg7 4. Nc3 d6 5. d3 e5 6. e4 0-0 7. Nge2 c6 8. 0-0 a6 9. h3 b5 10. b3 Bb7 11. Be3 Nbd7 12. Qd2 Qe7 13. Bh6 Bxh6 14. Qxh6 Nc5 15. Qd2 b4 16. Nd1 a5 17. f4 exf4 18. Qxf4 Nfd7 19. d4 Ne6 20. Qg4 h5 21. Qf3 c5 22. d5 Ng5 23. Qe3 Rae8 24. Nf2 Ne5 25. a3 Bc8 26. Nf4 Nh7 27. Ra2 h4 28. g4 Qg5 29. Re1 a4 30. Bf1 axb3 31. Rb2 bxa3 32. Rxb3 f5 33. Ng2 fxg4 34. Be2 gxh3 35. Nxh3 Bxh3 36. Qxh3 Qd2 37. Qxh4 Ng5 38. Kh1 Rf7 0-1

[Event "NED-chT 0506"]
[Site "Netherlands"]
[Date "2006.04.23"]
[Round "9.9"]
[White "Van der Elburg, Freddie"]
[Black "Van Leent, Dmitri"]
[Result "1/2-1/2"]
[WhiteElo "2341"]
[BlackElo "2302"]
[PlyCount "109"]
[EventDate "2005.09.24"]
[EventType "team"]
[EventRounds "9"]
[EventCountry "NED"]
[SourceTitle "EXT 2007"]
[Source "ChessBase"]
[SourceDate "2006.11.23"]
[SourceVersion "1"]
[SourceVersionDate "2006.11.23"]
[SourceQuality "1"]
[WhiteTeam "Homburg Apeldoorn"]
[BlackTeam "Groningen Hotels"]
[WhiteTeamCountry "NED"]
[BlackTeamCountry "NED"]

1. c4 e5 2. g3 Nc6 3. Bg2 g6 4. Nc3 Bg7 5. e4 d6 6. Nge2 f5 7. d3 Nf6 8. 0-0 0-0 9. Nd5 Ne7 10. Nxf6+ Bxf6 11. Bh6 Rf7 12. Be3 c6 13. Qb3 b6 14. exf5 Bxf5 15. d4 Be6 16. d5 cxd5 17. cxd5 Bc8 18. Qa3 Nf5 19. Bd2 a5 20. Nc3 Nd4 21. Rac1 Bf5 22. Be3 Nc2 23. Qb3 Nxe3 24. fxe3 Rc8 25. Nb5 Rc5 26. Rxc5 bxc5 27. e4 Bg4 28. Nc3 Qd7 29. Qb6 Bg5 30. Qb5 Qe7 31. Qd3 Qf8 32. Rxf7 Qxf7 33. h3 Bd7 34. a4 Qf8 35. Qe2 Qc8 36. Kh2 h5 37. b3 Qf8 38. Bf3 Qh6 39. h4 Be7 40. Nd1 g5 41. hxg5 Bxg5 42. Bxh5 Be8 43. g4 Bd7 44. Kg1 Bf4 45. Nb2 Qg5 46. Nc4 Qh4 47. Qf3 Qe1+ 48. Kg2 Qc1 49. Qd3 Kf8 50. Nxd6 Qb2+ 51. Kf1 Qc1+ 52. Kf2 Qb2+ 53. Ke1 Qc1+ 54. Ke2 Qb2+ 55. Kf1 1/2-1/2

[Event "BEL-chT 0506"]
[Site "Belgium"]
[Date "2005.11.20"]
[Round "4"]
[White "Eismont, Oleg"]
[Black "Van Leent, Dmitri"]
[Result "1-0"]
[WhiteElo "2397"]
[BlackElo "2309"]
[PlyCount "49"]
[EventDate "2005.10.09"]
[EventType "team-tourn"]
[EventRounds "11"]
[EventCountry "BEL"]
[SourceTitle "EXT 2007"]
[Source "ChessBase"]
[SourceDate "2006.11.23"]
[SourceVersion "1"]
[SourceVersionDate "2006.11.23"]
[SourceQuality "1"]
[WhiteTeam "Jean Jaures"]
[BlackTeam "Borgerhout"]
[WhiteTeamCountry "BEL"]
[BlackTeamCountry "BEL"]

1. e4 e5 2. Nf3 Nc6 3. Bc4 Nf6 4. d3 Be7 5. 0-0 0-0 6. a4 a5 7. Nc3 d6 8. h3 h6 9. d4 Nxe4 10. Nxe4 d5 11. Nxe5 Nxe5 12. dxe5 dxc4 13. Qe2 Qd5 14. Bf4 Be6 15. Rfe1 Ra6 16. Nc3 Qd4 17. Qf3 Rb6 18. Be3 Qh4 19. Bxb6 cxb6 20. Qxb7 Bc5 21. Re2 Rd8 22. Qf3 Rd4 23. Re4 Qg5 24. Rxd4 Bxd4 25. Qa8+ 1-0

[Event "Hoogeveen Essent op"]
[Site "Hoogeveen"]
[Date "2005.10.28"]
[Round "8"]
[White "Van Leent, Dmitri"]
[Black "Jens, Jelmer"]
[Result "0-1"]
[WhiteElo "2309"]
[BlackElo "2366"]
[PlyCount "88"]
[EventDate "2005.10.21"]
[EventType "swiss"]
[EventRounds "9"]
[EventCountry "NED"]
[SourceTitle "EXT 2006"]
[Source "ChessBase"]
[SourceDate "2005.11.24"]
[SourceVersion "1"]
[SourceVersionDate "2005.11.24"]
[SourceQuality "1"]

1. e4 c5 2. Nf3 d6 3. d4 cxd4 4. Nxd4 Nf6 5. Nc3 a6 6. Be3 e5 7. Nb3 Be6 8. f3 Nbd7 9. Qd2 Be7 10. 0-0-0 0-0 11. g4 b5 12. g5 Nh5 13. Nd5 Bxd5 14. exd5 f5 15. gxf6 Rxf6 16. Kb1 Qe8 17. Re1 Nf4 18. Na5 Bd8 19. Bxf4 Rxf4 20. Bh3 Bxa5 21. Qxa5 Nc5 22. Rhg1 Qd8 23. Qc3 Qf6 24. Rg3 a5 25. Reg1 g6 26. Qe3 b4 27. Bg4 a4 28. h4 a3 29. h5 e4 30. Qc1 Na4 31. hxg6 h5 32. Be6+ Kg7 33. fxe4 axb2 34. Qd1 Nc3+ 35. Rxc3 bxc3 36. Bf5 h4 37. Qd3 Re8 38. Rd1 Qe5 39. a4 Re7 40. a5 Ra7 41. a6 Rf2 42. Qc4 Rd2 43. Rf1 Qd4 44. Qxd4+ Rxd4 0-1

[Event "Hoogeveen Essent op"]
[Site "Hoogeveen"]
[Date "2005.10.25"]
[Round "5"]
[White "Van Leent, Dmitri"]
[Black "Ouwendijk, Vincent"]
[Result "1-0"]
[WhiteElo "2309"]
[BlackElo "2107"]
[PlyCount "83"]
[EventDate "2005.10.21"]
[EventType "swiss"]
[EventRounds "9"]
[EventCountry "NED"]
[SourceTitle "EXT 2006"]
[Source "ChessBase"]
[SourceDate "2005.11.24"]
[SourceVersion "1"]
[SourceVersionDate "2005.11.24"]
[SourceQuality "1"]

1. c4 e5 2. g3 Nf6 3. Bg2 c6 4. d4 Bb4+ 5. Bd2 Bxd2+ 6. Qxd2 d6 7. Nc3 0-0 8. Rd1 Qe7 9. b3 Re8 10. dxe5 dxe5 11. Qd6 Qxd6 12. Rxd6 Bf5 13. Nf3 Na6 14. 0-0 h6 15. Rfd1 Nc5 16. Nh4 Bc2 17. Rc1 Bh7 18. b4 Ne6 19. Rcd1 Rad8 20. Rxd8 Rxd8 21. Rxd8+ Nxd8 22. Nf3 Nd7 23. Bh3 Ne6 24. Bxe6 fxe6 25. e4 Kf7 26. Nd2 Ke7 27. c5 Bg6 28. f3 b6 29. cxb6 axb6 30. a4 Kd6 31. Nc4+ Kc7 32. Kf2 Kb7 33. Ke3 Ka6 34. h4 b5 35. axb5+ cxb5 36. Nd6 Nb8 37. Ncxb5 Nc6 38. Nc7+ Kb6 39. Nxe6 Nxb4 40. Nc4+ Kc6 41. Nxg7 Bh7 42. Nxe5+ 1-0

[Event "Hoogeveen Essent op"]
[Site "Hoogeveen"]
[Date "2005.10.22"]
[Round "2"]
[White "Van Leent, Dmitri"]
[Black "Jonkman, Harmen"]
[Result "1/2-1/2"]
[WhiteElo "2309"]
[BlackElo "2446"]
[PlyCount "69"]
[EventDate "2005.10.21"]
[EventType "swiss"]
[EventRounds "9"]
[EventCountry "NED"]
[SourceTitle "EXT 2006"]
[Source "ChessBase"]
[SourceDate "2005.11.24"]
[SourceVersion "1"]
[SourceVersionDate "2005.11.24"]
[SourceQuality "1"]

1. c4 c6 2. e4 d5 3. exd5 cxd5 4. d4 Nf6 5. Nc3 Nc6 6. Bg5 e6 7. Nf3 Be7 8. Bd3 h6 9. Be3 Nb4 10. c5 Nxd3+ 11. Qxd3 Bd7 12. b4 Ne4 13. Nxe4 dxe4 14. Qxe4 Bc6 15. Qd3 a5 16. Ne5 axb4 17. Nxc6 bxc6 18. 0-0 Qd5 19. Qd2 0-0 20. Qxb4 Rfb8 21. Qd2 Ra3 22. h3 Bf6 23. Rfb1 Rxb1+ 24. Rxb1 Rxa2 25. Qd3 Ra8 26. Qb3 Qe4 27. Qb7 Ra4 28. Rd1 Qd5 29. Qb8+ Kh7 30. Qd6 Qe4 31. Qc7 Kg6 32. Qg3+ Kh7 33. Qc7 Kg6 34. Qg3+ Kh7 35. Qc7 1/2-1/2

[Event "BEL-chT 0506"]
[Site "Belgium"]
[Date "2005.10.09"]
[Round "1"]
[White "Fressinet, Laurent"]
[Black "Van Leent, Dmitri"]
[Result "1-0"]
[WhiteElo "2624"]
[BlackElo "2309"]
[PlyCount "95"]
[EventDate "2005.10.09"]
[EventType "team-tourn"]
[EventRounds "11"]
[EventCountry "BEL"]
[SourceTitle "EXT 2006"]
[Source "ChessBase"]
[SourceDate "2005.11.24"]
[SourceVersion "1"]
[SourceVersionDate "2005.11.24"]
[SourceQuality "1"]
[WhiteTeam "Namur"]
[BlackTeam "Borgerhout"]
[WhiteTeamCountry "BEL"]
[BlackTeamCountry "BEL"]

1. e4 e5 2. Nf3 Nc6 3. Bb5 Nf6 4. d3 Bc5 5. c3 Qe7 6. 0-0 0-0 7. Nbd2 d6 8. h3 Bb6 9. Re1 Nb8 10. d4 c6 11. Bd3 Re8 12. Nf1 Nbd7 13. Ng3 Nf8 14. a4 a5 15. Be3 Qc7 16. Bg5 N6d7 17. Nf5 Ne6 18. Be7 Rxe7 19. Nxe7+ Kf8 20. Nxc8 Rxc8 21. Bc4 Re8 22. Qd2 h6 23. Rad1 Nf6 24. dxe5 dxe5 25. Bxe6 Rxe6 26. g3 Re8 27. Qd6+ Qxd6 28. Rxd6 Bc7 29. Rd3 Ra8 30. Nd2 Ke7 31. Rd1 g6 32. Kg2 Ke6 33. Kf3 Ke7 34. Nc4 Ra6 35. g4 b5 36. axb5 cxb5 37. Ne3 Bd6 38. Nd5+ Nxd5 39. Rxd5 Rb6 40. Ke2 a4 41. R1d3 Ke6 42. Kd1 Ke7 43. Kc2 Ke6 44. Rd1 Be7 45. Ra1 Rb7 46. b3 axb3+ 47. Kxb3 Rb6 48. Ra5 1-0

[Event "NED-chT 0506"]
[Site "Netherlands"]
[Date "2005.09.24"]
[Round "1.7"]
[White "Van Leent, Dmitri"]
[Black "Van der Vliet, Fredrik"]
[Result "0-1"]
[WhiteElo "2261"]
[BlackElo "2273"]
[PlyCount "83"]
[EventDate "2005.09.24"]
[EventType "team"]
[EventRounds "9"]
[EventCountry "NED"]
[SourceTitle "EXT 2007"]
[Source "ChessBase"]
[SourceDate "2006.11.23"]
[SourceVersion "1"]
[SourceVersionDate "2006.11.23"]
[SourceQuality "1"]
[WhiteTeam "Groningen Hotels"]
[BlackTeam "Rotterdam SO"]
[WhiteTeamCountry "NED"]
[BlackTeamCountry "NED"]

1. e4 c5 2. Nf3 d6 3. d4 cxd4 4. Nxd4 Nf6 5. Nc3 a6 6. Be3 Nbd7 7. f3 e6 8. g4 h6 9. Qd2 b5 10. h4 Bb7 11. Bh3 Ne5 12. g5 Nh5 13. Qf2 b4 14. Nce2 Qa5 15. Nc1 Rc8 16. Ncb3 Qc7 17. Rc1 g6 18. gxh6 Bxh6 19. Bxh6 Rxh6 20. Qe3 Rh8 21. Nd2 Qe7 22. Bg2 Qf6 23. Ne2 Ng7 24. Qb6 Qe7 25. Kf1 Rb8 26. f4 Nd7 27. Qxb4 Kf8 28. Nf3 Nc5 29. Nc3 Qf6 30. e5 Qe7 31. Kg1 Nf5 32. Rd1 dxe5 33. Nxe5 Kg7 34. Qc4 Bxg2 35. Kf2 Bxh1 36. Rxh1 Rxh4 37. Rg1 Rbh8 38. Nf3 R4h5 39. b4 Nd7 40. Ne4 Nf6 41. Qc3 Nd6 42. Neg5 0-1

[Event "Vlissingen HZ op 09th"]
[Site "Vlissingen"]
[Date "2005.08.08"]
[Round "3"]
[White "Van Leent, Dmitri"]
[Black "Khmelniker, Ilya"]
[Result "0-1"]
[WhiteElo "2261"]
[BlackElo "2447"]
[PlyCount "108"]
[EventDate "2005.08.06"]
[EventType "swiss"]
[EventRounds "9"]
[EventCountry "NED"]
[SourceTitle "CBM 107 Extra"]
[Source "ChessBase"]
[SourceDate "2005.09.01"]
[SourceVersion "1"]
[SourceVersionDate "2005.09.01"]
[SourceQuality "1"]

1. e4 e5 2. Nf3 Nc6 3. Bb5 a6 4. Ba4 Nf6 5. 0-0 Nxe4 6. d4 b5 7. Bb3 d5 8. dxe5 Be6 9. c3 Bc5 10. Nbd2 0-0 11. Qe2 Bf5 12. Nxe4 dxe4 13. Ng5 Nxe5 14. Nxe4 Bg4 15. Qc2 Bb6 16. Bf4 Nd3 17. Bg5 Qd7 18. Rad1 Bxd1 19. Rxd1 Rae8 20. Rxd3 Rxe4 21. h4 Re1+ 22. Kh2 Qf5 23. Rd2 Qxc2 24. Bxc2 Rfe8 25. Kg3 R1e2 26. Kf3 Rxd2 27. Bxd2 Rd8 28. Bf4 g6 29. Bg5 f6 30. Bf4 Kg7 31. Bc1 Bc5 32. Bf4 Bd6 33. Be3 Be5 34. Ke2 a5 35. f4 Bd6 36. Kf3 f5 37. g3 Be7 38. Ke2 Bf6 39. Bd2 Re8+ 40. Kf3 Rb8 41. b3 b4 42. c4 Bd4 43. Ke2 Re8+ 44. Kf3 Rd8 45. Bc1 Bc3 46. Be3 Bd2 47. Bf2 Bc1 48. Be1 Kf6 49. Ke2 Re8+ 50. Kd1 Bb2 51. Bf2 Bc3 52. Bd3 h6 53. c5 Rd8 54. Ke2 Bd4 0-1

[Event "Vlissingen HZ op 09th"]
[Site "Vlissingen"]
[Date "2005.08.07"]
[Round "2"]
[White "Preiss, Veronika"]
[Black "Van Leent, Dmitri"]
[Result "0-1"]
[WhiteElo "2040"]
[BlackElo "2261"]
[PlyCount "60"]
[EventDate "2005.08.06"]
[EventType "swiss"]
[EventRounds "9"]
[EventCountry "NED"]
[SourceTitle "CBM 107 Extra"]
[Source "ChessBase"]
[SourceDate "2005.09.01"]
[SourceVersion "1"]
[SourceVersionDate "2005.09.01"]
[SourceQuality "1"]

1. e4 e5 2. Nf3 Nc6 3. Bb5 Nf6 4. Bxc6 dxc6 5. 0-0 Qe7 6. d4 Bg4 7. dxe5 Nd7 8. h3 Bxf3 9. Qxf3 0-0-0 10. Rd1 Qxe5 11. c3 Bd6 12. Nd2 Rhe8 13. Nc4 Qxe4 14. Nxd6+ cxd6 15. Qxf7 Ne5 16. Qf4 Qg6 17. Be3 a6 18. Bd4 Rf8 19. Qg3 Qxg3 20. fxg3 g6 21. Rf1 Nc4 22. b3 Nd2 23. Rf4 Rde8 24. Rd1 Rxf4 25. gxf4 Re2 26. c4 Kd7 27. c5 d5 28. b4 Ke6 29. g4 Nf3+ 30. Kf1 Rxa2 0-1

[Event "Dieren op"]
[Site "Dieren"]
[Date "2005.08.01"]
[Round "6"]
[White "Van der Veen, Jan"]
[Black "Van Leent, Dmitri"]
[Result "1-0"]
[WhiteElo "2182"]
[BlackElo "2261"]
[PlyCount "81"]
[EventDate "2005.07.26"]
[EventType "swiss"]
[EventRounds "9"]
[EventCountry "NED"]
[SourceTitle "CBM 107 Extra"]
[Source "ChessBase"]
[SourceDate "2005.09.01"]
[SourceVersion "1"]
[SourceVersionDate "2005.09.01"]
[SourceQuality "1"]

1. e4 e6 2. d4 d5 3. Nc3 Bb4 4. e5 c5 5. Bd2 Ne7 6. Nce2 Bxd2+ 7. Qxd2 Nbc6 8. f4 Qb6 9. c3 Bd7 10. Nf3 Rc8 11. dxc5 Qxc5 12. Ned4 Nxd4 13. Nxd4 a6 14. 0-0-0 Ba4 15. b3 Bb5 16. Bxb5+ axb5 17. Kb2 0-0 18. b4 Qb6 19. g4 Rc4 20. Rc1 Nc6 21. Rhd1 Ra8 22. a3 Na7 23. f5 Nc8 24. f6 Qd8 25. Qg5 Qf8 26. fxg7 Qe7 27. Qf6 Qxf6 28. exf6 Nd6 29. g5 e5 30. Nc2 d4 31. cxd4 Ne4 32. Ne3 Rxc1 33. Rxc1 h6 34. dxe5 hxg5 35. Nf5 Nf2 36. Rf1 Nd3+ 37. Kb3 Nxe5 38. Ne7+ Kh7 39. g8Q+ Rxg8 40. Nxg8 Nc4 41. Rf5 1-0